00590 a2200217 4500001000700000003000400007005001700011008004100028082002200069245007300091250001200164260003200176300001000208653001200218653001700230653001600247700002400263700003100287700002600318700002800344132098OSt20220111113109.0  a621.3692078bF44F1 aFiber optics through experimentscedited by M. R. Shenoy...[et. al.] a3rd ed. aNew DelhibViva Booksc2011 a223p. aPhysics aFiber optics aExperiments aShenoy, M ReEditor aKhijwania, Sunil KeEditor aGhatak, Ajoy eEditor aPal, Bishnu P. eEditor